Statystyki dla Europejska geografia na literę E

Kliknij tutaj aby rozwiązać quiz!

Ogólne statystyki

  • Ten quiz został rozwiązany 193 razy
  • Średni wynik to 8 z 14

Statystyki odpowiedzi

WskazówkaOdpowiedź% Poprawnych
Państwo bałtyckieEstonia
99%
Waluta używana przez 19 państwEuro
98%
Najwyższa wieża w ParyżuWieża {Eiffla}
98%
Stolica SzkocjiEdynburg
88%
Jeden z czterech "krajów" w Wielkiej Brytanii (po angielsku)England
82%
Niezwykle aktywny wulkan sycylijskiEtna
71%
Hiszpania po hiszpańskuEspaña
66%
Miasto blisko Dusseldorfu i KoloniiEssen
42%
Była zdolna do Napoleona, zanim to zobaczył…
Wyspa nad Morzem Śródziemnym
Elba
38%
Najwyższa góra w EuropieElbrus
38%
Irlandia po irlandzkuÉire
31%
Dawne królestwo anglosaskieEssex
11%
Druga największa i najbardziej zaludniona wyspa GrecjiEubea
9%
Alpejskie uzdrowisko, znane z
wody butelkowanej
Évian-les-Bains
9%

Rozkład punktacji

Percentyl według liczby udzielonych odpowiedzi

Procent ludzi z każdym wynikiem

Twoja historia wyników

Nie rozwiązałeś tego quizu